| 000 | 00511nam a2200181Ia 4500 | ||
|---|---|---|---|
| 999 |
_c17095 _d17095 |
||
| 082 | _a025.174 WIL-; | ||
| 100 | _aWilliams, Bernard J.S. | ||
| 245 | 0 | _aMiniaturised communications: a review of microforms | |
| 260 |
_aLondon _bLibrary Association _c1970 |
||
| 300 | _a190p. | ||
| 504 | _aIncludes subject index | ||
| 650 | _aNon book materials | ||
| 650 | _aLibraries - Special collections | ||
| 650 | _aLibrary materials | ||
| 650 | _aLibrary science | ||
| 650 | _aMicroforms - Catalogues | ||
| 942 | _cBK | ||